Normal view
MARC view
- Imtiaz, Subha
Entry Personal Name
001 - CONTROL NUMBER
- control field: 18163
003 - CONTROL NUMBER IDENTIFIER
- control field: NUST
005 - DATE AND TIME OF LATEST TRANSACTION
- control field: 20190719052243.0
008 - FIXED-LENGTH DATA ELEMENTS
- fixed length control field: 190719|| aca||aabn | a|a d
040 ## - CATALOGING SOURCE
- Original cataloging agency: NUST
- Transcribing agency: NUST
100 ## - HEADING--PERSONAL NAME
- Personal name: Imtiaz, Subha
670 ## - SOURCE DATA FOUND
- Source citation: Work cat.: (NUST): Imtiaz, Subha, Evolution of strategic HR and its effectiveness in Pakistan Tobacco Company /, 2014.
